000 00469nam a22001817a 4500
008 170811b xxu||||| |||| 00| p tur d
020 _a9757942316
041 _atur
050 _aPL248.M26
100 _aMağden, Perihan
_9700
245 _aMutfak Kazaları
250 _a1. baskı
260 _aİstanbul
_bKabalcı Yayınevi
_c1995
300 _a55 sayfa
500 _aKabalcı Yayınevi 71; Şiir Dizisi 4
650 0 _9145
_aTürk Edebiyatı
942 _2lcc
_cBK
999 _c1109
_d1087